000 01323nam a2200325 a 4500
001 000113240
003 CHAP
005 20220329144345.0
008 170523s2017 mx sm |||||||spa d
010 _a109701
011 _a110673
040 _cCHAP
090 _aTesis
100 1 _aSánchez Andrade, Juan Carlos
_9132312
245 1 0 _aFactores de exito en la implementación de proyectos productivos en comunidades marginadas del municipio de Tepecoacuilco de Trujano, Guerrero
_h[En línea]
_cpor Juan Carlos Sánchez Andrade.
260 _aChapingo, Méx. :
_bEl autor,
_c2017.
500 _aPara ver el contenido del material haga clic en la liga
502 _aTesis (M.C. en Desarrollo Rural Regional) -- UACH. Dirección de Centros Regionales Universitarios
590 _aE11695DGD
_b10
_c20170523
_lUCH01
_h1507
590 _aE5765TAJ
_b05
_c20170523
_lUCH01
_h0935
590 _aE5765TAJ
_b05
_c20170523
_lUCH01
_h0935
650 1 4 _aCampesinado
_xCondiciones económicas.
_9130533
650 1 4 _aDesarrollo de la comunidad rural
_zGuerrero.
_932037
650 1 4 _aFamilia
_xProyectos de desarrollo
_zGuerrero.
_9132313
650 1 4 _aProyectos de desarrollo
_xEvaluación.
_9132314
856 _aFinding aid
_uhttp://10.13.5.2/tesis/sist113240.pdf
_zTeclea aquí
901 _aBK
942 _cTESIS
942 _n0
999 _c109701
_d109701